Statistics for Rock Band Lead Singers Quiz

Click here to take the quiz!

General Stats

  • This quiz has been taken 34,511 times
  • The average score is 14 of 24

Answer Stats

Band Lead Singer % Correct
U2Bono
94%
QueenFreddie Mercury
94%
NirvanaKurt Cobain
93%
The Rolling StonesMick Jagger
91%
Guns N' RosesAxl Rose
85%
AerosmithSteven Tyler
79%
The DoorsJim Morrison
72%
Led ZeppelinRobert Plant
67%
The White StripesJack White
64%
ColdplayChris Martin
64%
OasisLiam Gallagher
59%
Green DayBillie Joe Armstrong
53%
HoleCourtney Love
50%
Pearl JamEddie Vedder
50%
The Sex Pistols Johnny Rotten
49%
Van HalenDavid Lee Roth
44%
R.E.M.Michael Stipe
42%
The WhoRoger Daltrey
42%
The Velvet UndergroundLou Reed
38%
RadioheadThom Yorke
36%
Van HalenSammy Hagar
36%
The ClashJoe Strummer
28%
Talking HeadsDavid Byrne
27%
GarbageShirley Manson
23%

Score Distribution

Percentile by Number Answered

Percent of People with Each Score

Your Score History

You have not taken this quiz